000 00605nam a22001937a 4500
999 _c9002
_d9002
003 AR-CdUCM
008 190327b ||||| |||| 00| 0 spa d
020 _a978-607-618-688-6
040 _aMUNICIPALIDAD PROVINCIAL DEL CUSCO
_cBIBLIOTECA MUNICIPAL DEL CUSCO
082 _aSI-0019 /
_bCAR / ali
100 _aCarroll, Lewis
_924930
245 _aAlicia en el país de las maravillas /
260 _aMéxico :
_bAdvanced Marketing,
_c2015.
300 _a62 páginas ;
_bIlustraciones.
_c21.5 cm.
650 _aCuentos infantiles
_93927
650 _aSiglo XXI
_92856
942 _2ddc
_cLIBROS
945 _aafb